Sedliacka Folkloristická tanečná scéna pre dychový orchester [zábav. orch.] /

Hlavní autor: Pádivý, Karol, 1908-1965
Jazyk: Nelze použít, není lingvistický obsah
Vydáno: Bratislava : Slovenské hudobné vydavateľstvo, 1950
Edice: Dychová hudba (Slovenské hudobné vydavateľstvo)
Fyzický popis: 1 sv. (nestránkován)
Hudebniny Hudebniny
Uloženo v:
LEADER 01008ncm a22002412a 4500
001 001088487
003 CZ BrMZK
005 20190102153633.0
007 qu
008 100226s1950 xo |||||||||||||||||zxx d
040 |a BOA001  |b cze 
072 7 |a 785  |x Instrumentální hudba. Symfonická hudba. Hudba pro více nástrojů  |2 Konspekt  |9 9 
100 1 |a Pádivý, Karol,  |d 1908-1965  |7 jk01091485  |4 cmp 
245 1 0 |a Sedliacka  |h [hudebnina] :  |b Folkloristická tanečná scéna pre dychový orchester [zábav. orch.] /  |c Karol Pádivý 
260 |a Bratislava :  |b Slovenské hudobné vydavateľstvo,  |c 1950 
300 |a 1 sv. (nestránkován) 
490 1 |a Dychová hudba ;  |v 8 
830 0 |a Dychová hudba (Slovenské hudobné vydavateľstvo) 
910 |a BOA001  |b Mus3-0271.034 
990 |a MU 
991 |b 201002 
996 6 |b 2619449681  |c Mus3-0271.034  |l MZK  |r Sklad / do 1 hodiny  |n 0  |w 001112698  |u 000020  |a 1  |e BOA001  |j MZK50  |s P 
996 7 |b 2619449682  |c Mus3-0271.034  |l MZK  |r Sklad / do 1 hodiny  |n 2  |w 001112698  |u 000010  |a 1  |e BOA001  |j MZK50  |s A